| 000 | 00957nam a2200229 a 4500 | ||
|---|---|---|---|
| 001 | 15865999 | ||
| 008 | 181002s2009 ||||||||||||||||| || u | ||
| 010 | _a2009031446 | ||
| 020 | _a9780470034149 (cloth) | ||
| 050 | _aTK 6553 Par | ||
| 100 | _aParet, Dominique | ||
| 245 | 1 | 0 |
_aRFID at ultra and super high frequencies: theory and application _cby Dominique Paret ; translated by Roderick Riesco |
| 246 | _aRFID en ultra et super hautes fréquences UHF-SHF. English | ||
| 260 |
_aChichester, U.K. _bJohn Wiley & Sons _c2009 |
||
| 300 | _axx, 527p.: ill. | ||
| 350 | _a126.87 | ||
| 500 | _aIncludes bibliographical references and index | ||
| 650 | 0 | _aWIRELESS COMMUNICATION SYSTEMS | |
| 650 | 0 | _aRADIO FREQUENCY IDENTIFICATION SYSTEMS | |
| 650 | 0 | _aRADIO FREQUENCY--IDENTIFICATION | |
| 995 |
_FCBU-MAIN LIBRARY (Kitwe) _I126.87 _M1 _UAVAILABLE _WOct 2, 2018 _ZMain Library Open Access Collection |
||
| 999 |
_c56527 _d56527 |
||